000 00699nam a22002537a 4500
999 _c358096
_d358096
003 IT-MiCISF
005 20181130123618.0
008 181130b ||||| |||| 00| 0 eng d
040 _cIT-MiCISF
041 _ait
100 _aCenci Luca, Redeghieri Tristano (a cura di)
_957558
210 _aHP. Accaparlante
222 _a11296313
245 _aOn the road. Diario di un viaggio alla scoperta del corpo tra limiti, risorse, benessere
260 _c2016
300 _app. 6-53
310 _abimestrale
362 _an. 3
500 _ahandicap, corpo, esperienze, consulenti
650 _ahandicap
_956194
654 _adossier
700 _aLeni M.A.
_957559
942 _2ddc
_cCR